| 000 | 00907nam a22002537a 4500 | ||
|---|---|---|---|
| 005 | 20120416111721.0 | ||
| 008 | 120416t xxu||||| |||| 00| 0 eng d | ||
| 010 | _aENG-104993 | ||
| 020 |
_a9788182831551 _c225.00 |
||
| 020 |
_a8182831555 _c225.00 |
||
| 035 | _aEN-88526 | ||
| 037 | _bDBAD/PUB | ||
| 040 |
_aDPL _bEng |
||
| 082 | _a512 | ||
| 100 |
_aVasishtha, A.R. _945074 |
||
| 245 |
_aKrishna's text book on algebra and trigonometry as per U.P. unified syllabus w.e.f. 2011-12/ _cby A.R. Vasishtha ; edited by Er. Sugam Rastogi _b |
||
| 250 | _a20th ed | ||
| 260 |
_aMeerut _bKrishna Prakashan _c2011 |
||
| 270 |
_a11, Shivaji Road _bMeerut _e250001 |
||
| 300 |
_aA-330,T-331-456p. _c24cm(pbk) |
||
| 700 |
_aRastogi, Sugam _945076 |
||
| 942 |
_2ddc _cEN _h512 _mVAS |
||
| 999 |
_c65016 _d65016 |
||